Pensamiento político /

Compendio de los discursos de campaña electoral para gobernador de Jalisco que Francisco Medina Ascensio pronunció en 1964, durante sus once giras realizadas al interior del Estado.

Uloženo v:
Podrobná bibliografie
Hlavní autor: Medina Ascensio, Francisco (autor)
Další autoři: Medina Ascensio, Francisco (autor) (autor)
Médium: Kniha
Jazyk:španělština
Témata:
Tagy: Přidat tag
Žádné tagy, Buďte první, kdo vytvoří štítek k tomuto záznamu!

MARC

LEADER 00000nam^a2200000^a^4500
001 000186935
005 20250521000000.0
009 20260310102243.908
037 |a Acervo ITESO - Biblioteca 
041 |a ESP 
082 |a 324. 272  |b PRI JAL CAM 1964 
100 |a Medina Ascensio, Francisco  |e (autor) 
245 1 0 |a Pensamiento político /  |c F. Medina Ascensio. 
264 |a Guadalajara, México :  |b Partido Revolucionario Institucional,  |c 1965 
300 |a 164 p. 
336 |a texto  |b txt  |2 rdacontenido 
337 |a sin mediación  |b n  |2 rdamedio 
338 |a volumen  |b nc  |2 rdasoporte 
520 |a Compendio de los discursos de campaña electoral para gobernador de Jalisco que Francisco Medina Ascensio pronunció en 1964, durante sus once giras realizadas al interior del Estado. 
649 |a XX 
650 |a Políticos Jaliscienses -  |x Discursos -  |x Tema Principal 
650 |a Políticos Mexicanos -  |x Discursos 
650 |a Discurso Político -  |z Jalisco -  |x Historia -  |y 1964-1970 
650 |a Discurso Político -  |z México -  |x Historia -  |y 1964-1970 
650 |a Campaña Electoral -  |z Jalisco -  |x Historia -  |y 1964-1970 
650 |a Campaña Electoral -  |z México -  |x Historia -  |y 1964-1970 
650 |a Política -  |z Jalisco -  |x Discursos 
650 |a Política -  |z México -  |x Discursos 
650 |a Política -  |z Jalisco -  |x Historia -  |y 1964-1970 
650 |a Política -  |z México -  |x Historia -  |y 1964-1970 
650 |a Política -  |z Jalisco -  |x Historia -  |y Siglo XX 
650 |a Política -  |z México -  |x Historia -  |y Siglo XX 
700 |a Medina Ascensio, Francisco  |e (autor) 
910 |a Fondo Julio de la Peña Lomelín 
920 |a Impresos - Libros 
930 |a Arquitectos Jaliscienses 
905 |a 115 
901 |a 0500129094  |b IT1  |c JAL  |u 20250521 
902 |a https://opac.biblio.iteso.mx/vufind/Record/000186935